000 01455nam0a2200325 4500
001 RU\NLR\bibl\53382
005 20250616084824.0
010 _a5-89071-031-1
_9100
021 _aRU
_b98-32285
_91534
035 _a(NLR Aleph) 000052085
090 _a279565
_c279565
100 _a19991018d1997 |||y0rusy50 ca
101 0 _arus
102 _aRU
105 _ay j |||||
200 1 _aПроблемы политологии
_eУчеб. пособие для студентов вузов, обучающихся по спец. "С.-х. машины и оборуд."
_fИ.В. Бурдова, В.Т. Бурдов
_gМ-во общ. и проф. образования Рос. Федерации, Рост.-на-Дону гос. акад. с.-х. машиностроения
210 _aРостов н/Д
_cРГАСХМ
_d1997
215 _a146 с.
_d21
320 _aБиблиогр. в конце тем
606 0 _aПолитология
_jРуководства, пособия и т.п. для высшей школы
_91294414
_3RU\NLR\auth\66217824
606 0 _aПолитология
_jУчебные издания для высшей школы
_91294414
_3RU\NLR\auth\66217824
686 _aФ.я73
700 1 _aБурдова
_bИ. В.
_4070
701 1 _aБурдов
_bВ. Т.
_4070
801 0 _aRU
_bNLR
_c19991018
_gPSBO
801 1 _aRU
_bNLR
_c19991018
852 _aNLR
_j99-3/9041
942 _cBOOK
980 _aNB